000 00315nam a2200121Ia 4500
008 231129s9999||||xx |||||||||||||| ||spa||
040 _bspa
082 _a519.2 L314e
100 _aLaplace Pierre Simon de
245 0 _aEnsayo filosofico sobre las probabilidades
264 _aAlianza Editorial
942 _2ddc
_cBKS
999 _c13106
_d13106